Chi tiết máy

Trình bày những vấn đề cơ bản về chi tiết máy như: truyền động xích, truyền động đai, động vít, đai ốc, các trục, ổ trục, khớp nối và lò xo.

Gardado en:
Detalles Bibliográficos
Autor Principal: Nguyễn, Trọng Hiệp
Formato: Libro
Idioma:Undetermined
Publicado: Hà Nội Giáo dục 2006
Những chủ đề:
Các nhãn: Engadir etiqueta
Sen Etiquetas, Sexa o primeiro en etiquetar este rexistro!
Thư viện lưu trữ: Trung tâm Học liệu Trường Đại học Cần Thơ
LEADER 00766nam a2200205Ia 4500
001 CTU_122741
008 210402s9999 xx 000 0 und d
020 |c 13300 
082 |a 621.82 
082 |b H307/T.2 
100 |a Nguyễn, Trọng Hiệp 
245 0 |a Chi tiết máy 
245 0 |c Nguyễn Trọng Hiệp 
260 |a Hà Nội 
260 |b Giáo dục 
260 |c 2006 
520 |a Trình bày những vấn đề cơ bản về chi tiết máy như: truyền động xích, truyền động đai, động vít, đai ốc, các trục, ổ trục, khớp nối và lò xo. 
650 |a Machine parts,cơ khí 
904 |i Giang 
980 |a Trung tâm Học liệu Trường Đại học Cần Thơ